[Event "La Balanguera Nadal op"]
[Site "La Balanguera"]
[Date "2021.12.11"]
[Round "3"]
[White "Pleguezuelos Monserrat, Hector"]
[Black "Vargas Rodriguez, Quimey"]
[Result "0-1"]
[WhiteElo "1330"]
[BlackElo "1344"]
[PlyCount "104"]
[EventDate "2021.12.10"]
[EventType "swiss"]
[EventRounds "5"]
[EventCountry "ESP"]
[SourceTitle "EXT 2023"]
[Source "ChessBase"]
[SourceDate "2022.10.05"]
[SourceVersion "1"]
[SourceVersionDate "2022.10.05"]
[SourceQuality "1"]

1. d4 Nf6 2. Bf4 e6 3. Nf3 d5 4. e3 Bd6 5. Bg3 0-0 6. c4 b6 7. Nbd2 Bb7 8. Rc1 Nbd7 9. Qc2 Rc8 10. Bd3 Be7 11. Ne5 Bd6 12. Nxd7 Qxd7 13. c5 bxc5 14. dxc5 Bxg3 15. hxg3 g6 16. c6 Bxc6 17. Qxc6 Qxc6 18. Rxc6 Rfe8 19. Nf3 Kg7 20. Ba6 Rb8 21. b3 Rb6 22. Rxb6 cxb6 23. Nd2 Re7 24. f3 Rc7 25. Ke2 Rc2 26. Ra1 Nd7 27. Bd3 Rc5 28. Kd1 f5 29. Rc1 e5 30. Rxc5 bxc5 31. e4 fxe4 32. fxe4 d4 33. Nf3 h5 34. a3 Kh6 35. b4 cxb4 36. axb4 g5 37. Ke2 g4 38. Ng1 Kg5 39. Kd2 h4 40. gxh4+ Kxh4 41. Ke1 Kg3 42. Be2 Nf6 43. Bd3 Kxg2 44. Ne2 g3 45. Bc4 Kh2 46. Bd3 g2 47. Kf2 Ng4+ 48. Kf3 Ne3 49. Kf2 Nd1+ 50. Kf3 g1Q 51. Nxg1 Kxg1 52. Kg4 Nf2+ 0-1